000 00899nam a22002057a 4500
999 _c16170
_d16170
003 AR-CdUCM
008 190502b ||||| |||| 00| 0 spa d
040 _aMUNICIPALIDAD PROVINCIAL DEL CUSCO
_cBIBLIOTECA MUNICIPAL DEL CUSCO
082 _a264.26 /
_bB22
100 _aBanchero Castellano, Raúl
_935456
245 _aLima y el mural de Pachacamilla :
_bhistoria del Señor de los Milagros de Nazarenas, del monasterio y de la hermandad /
260 _aLima :
_bEdit. Jurídica
_c1972.
300 _a359 páginas ;
_c18 cm.
505 _aContenido: La fundación de Lima -- La zona de Pachacamilla y la barriada de la santa cruz -- La cofradía de Pachacamilla -- El terremoto del 13 de noviembre de 1655 ...
650 _aSeñor de los Milagros
_935457
650 _aHistoria
_9136
700 _aArias Montesinos, Aldo Raúl, (editor)
_935458
942 _2ddc
_cLIBROS
945 _aacv
_d2019-05-02